000 00534nam a2200145Ia 4500
008 151213s9999 xx 000 0 und d
100 _aএ কে এম নূরুল ্ইসলাম।
245 _aঅন্য কোন সুর।
_cএ কে এম নূরুল ্ইসলাম।
260 _aঢাকা।
_bহাসান বুক হাউস।
300 _a9282 p.
650 _aBangla
650 _aকবিতা
700 _aএ কে এম নূরুল ্ইসলাম।
999 _c4748
_d4748